KSI's Top 10 most viewed music videos - Statistics

General Stats
  • This quiz has been taken 210 times
  • The average score is 6 of 10
Answer Stats
Posted on youtube Views (March 2019.) Feature Song % Correct
March 25. 2015. 103 Million P Money Lamborghini
97%
August 12. 2017. 43 Million Ricegum Earthquake
77%
August 13. 2017. 47 Million Little Boy
74%
November 15. 2015. 38 Million JME Keep Up
57%
August 5. 2016. 41 Million MNDM Friends With Benefits
50%
September 8. 2017. 24 Million Alesa Adam's Apple
47%
January 31. 2018. 22 Million Big Zuu Uncontrollable
46%
August 24. 2017. 23 Million Two Birds One Stone
37%
June 27. 2017. 22 Million Creature
36%
August 17. 2018. 30 Million On Point
34%
No matching quizzes found
Score Distribution
Percent of People with Each Score
Percentile by Number Answered
Your Score History
You have not taken this quiz